| 000 | 00868 a2200229 4500 | ||
|---|---|---|---|
| 003 | NUST | ||
| 005 | 20221104153257.0 | ||
| 010 | _a 83020526 | ||
| 020 | _a0486246744 | ||
| 040 | _cNust | ||
| 082 | 0 | 0 | _a510.9,RES |
| 100 | 1 |
_aResnikoff, H. L. _9102396 |
|
| 245 | 1 | 0 |
_aMathematics in civilization / _cH.L. Resnikoff, R.O. Wells, Jr. |
| 250 | _a[Enl. and corr. ed.]. | ||
| 260 |
_aNew York : _bDover Publications, _c1984. |
||
| 300 |
_aviii, 408 p. : _bill. ; _c24 cm. |
||
| 505 | _aIntroduction (Page-1), Part-1: Mathematics in Antiquity (Page-17), Part-2: The Adolescence of Computation (Page-129),Part-3: The Rise of Geometrical Analysis (Page-233). | ||
| 650 | 0 |
_aMathematics _xHistory. |
|
| 700 | 1 |
_aWells, R. O. _d1940- _9102397 |
|
| 856 | 4 | 2 |
_3Publisher description _uhttp://www.loc.gov/catdir/description/dover031/83020526.html |
| 942 |
_2ddc _cBK _k510.9,RES |
||
| 999 |
_c181679 _d181679 |
||